El factor humano en las relaciones laborales: manual de dirección y gestión

Sparad:
Bibliografiska uppgifter
Huvudupphovsmän: Leal Millán, Antonio (Författare, medförfattare), Alfaro de Prado Sagrera, Ana María (Författare, medförfattare), Rodríguez Félix, Lucía (Författare, medförfattare), Román Onsalo, Marisa (Författare, medförfattare)
Materialtyp: Bok
Språk:spanska
Publicerad: Madrid Ediciones Pirámide S. A 1999
Upplaga:1a. ed
Serie:Colección Economía y Empresa
Ämnen:
Taggar: Lägg till en tagg
Inga taggar, Lägg till första taggen!

MARC

LEADER 00000cam a2200000 a 4500
001 UCD6892
003 CL-VaPUC
008 170303e19990000sp |||||||||||||||||spa|d
020 |a 8436813820 
082 0 4 |a 658.3  |b LEA  |2 21 
100 |a Leal Millán, Antonio  |e author  |9 590761 
700 0 |a Alfaro de Prado Sagrera, Ana María  |e author  |9 590762 
700 0 |a Rodríguez Félix, Lucía  |e author  |9 590763 
700 0 |a Román Onsalo, Marisa  |e author  |9 590764 
245 1 3 |a El factor humano en las relaciones laborales: manual de dirección y gestión 
250 |a 1a. ed 
300 |a 474 p 
942 |c BK 
945 |d 20170303 17:35:00  |a dcastane 
260 |a Madrid  |b Ediciones Pirámide S. A  |c 1999 
650 0 |a Recursos humanos   |9 228420 
650 0 |a Administración de empresas   |9 260833 
650 0 |a Liderazgo  |9 271835 
650 0 |a Comunicación organizacional   |9 312644 
583 |a last modification  |c 20190724 10:56:19  |k Rodrigo Vera 
490 0 |a Colección Economía y Empresa 
999 |c 367069  |d 367067 
952 |0 0  |1 0  |3 erb  |4 0  |6 658_300000000000000_LEA_1999  |7 0  |8 A  |9 481752  |a BIBENE  |b BIBENE  |i 532923K  |o 658.3 LEA 1999  |p 532923K  |r 2025-01-15  |w 2019-11-24  |y BK  |z Catalogado en:20170303  |k ICO